| 000 | 00520nam a22002177a 4500 | ||
|---|---|---|---|
| 003 | bpm | ||
| 005 | 20260325120035.0 | ||
| 008 | 260325b |||||||| |||| 00| p spa d | ||
| 022 | _a9789871224401 | ||
| 024 | _aS. C. C. / M. C. y E. M.: | ||
| 040 | _aAR-CtUCP | ||
| 041 | _aspa | ||
| 080 | _aCDU | ||
| 100 | _aGamarra Enrique | ||
| 245 | _aPorque estás en el mundo | ||
| 250 | _a1 ed. | ||
| 260 |
_aResistencia _bLibrería de la Paz _c2007 |
||
| 650 | _aLiteratura-Poesía | ||
| 942 | _cLIB | ||
| 999 |
_c76593 _d76593 |
||